书目信息 |
| 题名: |
产品设计
|
|
| 作者: | 刘和山 , 王震亚 , 范志君 编 | |
| 分册: | ||
| 出版信息: | 北京 国防工业出版社 2006.1 |
|
| 页数: | 10,106页 | |
| 开本: | 29cm | |
| 丛书名: | ||
| 单 册: | ||
| 中图分类: | TB472 | |
| 科图分类: | ||
| 主题词: | 工业产品--造型设计--高等学校--教材 , 工业产品 , 造型设计 | |
| 电子资源: | ||
| ISBN: | 978-7-118-04781-3 | |
| 000 | 00949nam0 2200289 45 | |
| 001 | 1360089156 | |
| 005 | 20130530154636.57 | |
| 010 | @a978-7-118-04781-3@dCNY40.00 | |
| 100 | @a20130513d2006 em y0chiy0110 ea | |
| 101 | 0 | @achi |
| 102 | @aCN@b110000 | |
| 105 | @aa z 000yy | |
| 106 | @ar | |
| 200 | 1 | @a产品设计@AChan Pin She Ji@f刘和山,王震亚,范志君编@FLiu He Shan, Wang Zhen Ya, Fan Zhi Jun Bian |
| 210 | @a北京@c国防工业出版社@d2006.1 | |
| 215 | @a10,106页@c图@d29cm | |
| 300 | @a高等院校工业设计专业通用教材 | |
| 330 | @a本书共分四章,内容包括:设计概论、产品设计基础、产品设计流程、产品设计的应用。 | |
| 606 | 0 | @a工业产品@x造型设计@x高等学校@j教材 |
| 606 | 0 | @a工业产品 |
| 606 | 0 | @a造型设计 |
| 690 | @aTB472@v5 | |
| 701 | 0 | @a刘和山@ALiu He Shan@4编 |
| 701 | 0 | @a王震亚@AWang Zhen Ya@c(工业产品设计)@4编 |
| 701 | 0 | @a范志君@AFan Zhi Jun@4编 |
| 801 | @aCN@bTANGWEI@c20130522 | |
| 905 | @b0834000-03@dTB472@e226@f4 | |
| 产品设计/刘和山,王震亚,范志君编.-北京:国防工业出版社,2006.1 |
| 10,106页:图;29cm |
| 高等院校工业设计专业通用教材 |
| ISBN 978-7-118-04781-3:CNY40.00 |
| 本书共分四章,内容包括:设计概论、产品设计基础、产品设计流程、产品设计的应用。 |
| ● |
| 相关链接 |
|
|
|
|
正题名:产品设计
索取号:TB472/226
 
预约/预借
| 序号 | 登录号 | 条形码 | 馆藏地/架位号 | 状态 | 备注 |
| 1 | 0834000 | 208340008 | 第二样本阅览室/ [索取号:TB472/226] | 在馆 | |
| 2 | 0834001 | 208340017 | 第三借阅区/ [索取号:TB472/226] | 在馆 | |
| 3 | 0834002 | 208340026 | 第三借阅区/ [索取号:TB472/226] | 在馆 | |
| 4 | 0834003 | 208340035 | 第三借阅区/ [索取号:TB472/226] | 在馆 |